LEADER 01109nam a2200253 u 4500 001 000000090046 003 CaOOAMICUS 005 20070226124700.0 008 051205s1987 it u000 u ita u 035 $a11071393 040 $aPUL(R)$bita 245 12$aL'altra scena della psicanalisi :$btensioni ebraiche nell'opera di Sigmund Freud /$ca cura di David Meghnagi. 260 $aRoma :$bCarucci,$c1987. 300 $a149 p. ;$c19 cm 490 1 $aBiblioteca Carucci ;$v19 504 $aComprende indicazioni bibliografiche. 600 14$aFreud, Sigmund,$d1856-1939.$0(OLS)http://pul/subject/7812 700 1 $aMeghnagi, David,$d1949-$0(OLS)http://pul/name/58266 830 0$aBiblioteca Carucci ;$v19.$0(OLS)http://pul/title/43264 850 $aPUL 852 $aPUL$W1$xDP1 Fondo Pastorale$y55$mP17 A 21$j113719$nBK-PRI$b $qFondi$B113719$CPULBib$Z2$F113719 $HPUL56647 $81 941 1 $a1 996 $6245$aL'altra scena della psicanalisi :$btensioni ebraiche nell'opera di Sigmund Freud$9(OLS)http://pul/title/116304 996 $6260$aRoma :$bCarucci$9(OLS)http://pul/publisher/48980 LEADER 01547nam a2200373 a 4500 001 000000160616 003 CaOOAMICUS 005 20170511125433.0 008 170511s2016 it u000 u ita r 020 $a978-88-339-2750-3* 032 $aLibriCat 040 $aPUL$bita 041 1 $aita$hger 082 04$a501 100 1 $aJung, C. G.$q(Carl Gustav),$d1875-1961.$0(OLS)http://pul/name/441 240 10$aAllgemeine probleme der psychotherapie.$lItaliano.$0(OLS)http://pul/title/200290 245 10$aChe cos'è la psicoterapia? /$cCarl Gustav Jung ; traduzione di Elena Schanzer. 250 $aEd. integrale di riferimento. 260 $aTorino :$bBollati Boringhieri,$c©2016. 300 $a146 p. ;$c19 cm. 490 1 $aI Grandi Pensatori ;$v121 500 $aInclude indice. 504 $aBibliografia in nota. 650 4$aPsicoterapia.$0(OLS)http://pul/subject/7249 700 1 $aSchanzer, Elena.$0(OLS)http://pul/name/102775 830 2$aI grandi pensatori (Bollati Boringhieri) ;$v121.$0(OLS)http://pul/title/157822 850 $aPUL 852 $aPUL$W1$xSL Cons. Gen., Altre Classi 3$y75$m501 COLL 3.121$j184364$qDDC 21$B187562$CPULBib$Z2$F187562 $H129572 $81 941 1 $a9 996 $6020$a978-88-339-2750-3*$9(OLS)http://pul/number/162644 996 $6082$a501$9(OLS)http://pul/classification/520 996 $6245$aChe cos'è la psicoterapia?$9(OLS)http://pul/title/200291 996 $6260$aTorino :$bBollati Boringhieri$9(OLS)http://pul/publisher/47883